Lucy Dacus - Discography - Statistics

General Stats
  • This quiz has been taken 51 times
    31 since last reset
  • The average score is 36 of 58
Answer Stats
Hint Answer % Correct
1. Night Shift
100%
10. Historians
94%
1. I Don't Wanna Be Funny Anymore
94%
10. Please Stay
94%
11. Triple Dog Dare
94%
3. Ankles
88%
11. (Hozier) Bullseye
88%
10. Best Guess
82%
2. Christine
82%
2. Addictions
76%
2. Big Deal
76%
6. Body to Flame
76%
5. Cartwheel
76%
1. Fool's Gold
76%
1. Hot & Heavy
76%
12. Most Wanted Man
76%
3. My Mother & I
76%
6. Talk
76%
4. VBS
76%
9. Brando
71%
3. First Time
71%
8. Forever Is A Feeling
71%
(2022) Kissing Lessons
71%
13. Lost Time
71%
6. Thumbs
71%
7. Timefighter
71%
1. Calliope Prelude
65%
9. Come Out
65%
4. Limerence
65%
5. Modigliani
65%
8. Next of Kin
65%
4. Nonbeliever
65%
8. Partner in Crime
65%
4. Strange Torpedo
65%
7. Going Going Gone
59%
7. Last Christmas
59%
9. Pillar of Truth
59%
3. The Shell
59%
(2025) Bus Back To Richmond
53%
5. Dancing In The Dark
53%
2. Troublemaker Doppelganger
53%
6. Trust
53%
7. For Keeps
47%
7. Map On A Wall
47%
5. Dream State...
41%
5. Yours & Mine
41%
(2022 - Spotify Singles) Believe
35%
8. Direct Address
35%
9. ...Familiar Place
35%
(2022) Home Again
35%
6. In The Air Tonight
35%
2. La Vie En Rose
35%
(2025) More Than Friends
35%
3. Green Eyes, Red Face
29%
(2022) It's Too Late
29%
4. Forever Half Mast
24%
(2020 - Hamilton Leithauser) Isabella
18%
(2021) Thumbs Again
18%
No matching quizzes found
Score Distribution
Percent of People with Each Score
Percentile by Number Answered
Your Score History
You have not taken this quiz since the last reset